Eccentric State Capitals Quiz Stats

 Plays Quiz Updated Nov 26, 2018

Challenge
Share
Tweet
Embed
Score 0/16 Timer 03:00
3 Plays Today
Distance from geographic center State capital % Correct
150 milesSacramento, California
85%
109 milesAustin, Texas
83.3%
700 milesJuneau, Alaska
80.6%
161 milesTallahassee, Florida
78.3%
116 milesHelena, Montana
65.2%
115 milesOlympia, Washington
62.8%
163 milesCarson City, Nevada
60.2%
135 milesSalem, Oregon
58.7%
Distance from geographic center State capital % Correct
122 milesHonolulu, Hawaii
57%
202 milesCheyenne, Wyoming
53.6%
118 milesLansing, Michigan
52.2%
102 milesSalt Lake City, Utah
51.1%
108 milesSt. Paul, Minnesota
50.9%
167 milesLincoln, Nebraska
50.3%
160 milesTopeka, Kansas
48%
109 milesMadison, Wisconsin
45.6%

You're not logged in!

Compare scores with friends on all Sporcle quizzes.
OR
Log In

You Might Also Like...

Show Comments

Extras

Top Quizzes Today


Score Distribution

Your Account Isn't Verified!

In order to create a playlist on Sporcle, you need to verify the email address you used during registration. Go to your Sporcle Settings to finish the process.

Report this User

Report this user for behavior that violates our Community Guidelines.

Details: